[Event "Rio de Janeiro Masters op"]
[Site "Rio de Janeiro"]
[Date "2006.05.13"]
[Round "1"]
[White "Porto, Cristiano Nogueira"]
[Black "Bacellar, Rodrigo CS"]
[Result "1-0"]
[WhiteElo "2225"]
[BlackElo "2048"]
[PlyCount "73"]
[EventDate "2006.05.13"]
[EventType "swiss"]
[EventRounds "7"]
[EventCountry "BRA"]
[SourceTitle "EXT 2007"]
[Source "ChessBase"]
[SourceDate "2006.11.23"]
[SourceVersion "1"]
[SourceVersionDate "2006.11.23"]
[SourceQuality "1"]

1. e4 c6 2. d4 d5 3. Nc3 dxe4 4. Nxe4 Bf5 5. Ng3 Bg6 6. Nf3 Nd7 7. h4 h6 8. Bc4 e6 9. Bf4 Ngf6 10. h5 Bh7 11. Qe2 Nd5 12. Bd2 Be7 13. 0-0-0 Qc7 14. Ne5 Nxe5 15. dxe5 0-0-0 16. f4 Rd7 17. Ne4 Rhd8 18. Bd3 Kb8 19. a3 Bxe4 20. Qxe4 Bf8 21. Rhf1 Ne7 22. g4 c5 23. Be3 Nc6 24. Be2 Nd4 25. Bxd4 Rxd4 26. Rxd4 Rxd4 27. Qe3 Be7 28. Kb1 Qd8 29. Bf3 a6 30. Rg1 Rd2 31. Qb3 Qd7 32. g5 hxg5 33. fxg5 b5 34. h6 gxh6 35. gxh6 Rh2 36. Rg8+ Bd8 37. Qe3 1-0